Statistics for Islands by Letter - A

Click here to take the quiz!

General Stats

  • This quiz has been taken 62 times
  • The average score is 6 of 18

Answer Stats

Hint Island % Correct
... and BarbudaAntigua
98%
Prison called "The Rock"Alcatraz
95%
Contains the geographic South PoleAntarctica
76%
OzAustralia
69%
One of the ABC islandsAruba
67%
Smallest region of FinlandÅland Islands
43%
Largest Welsh island, has a town with 58 lettersAnglesey
43%
"Eel" in Spanish, tax havenAnguilla
33%
An inhabited Channel IslandAlderney
21%
In the Gulf of Saint LawrenceAnticosti Island
19%
Isolated volcanic island in the AtlanticAscension Island
17%
In the northern part of the Canadian Arctic ArchipelagoAxel Heiberg Island
17%
Near Athens, great sea power in Ancient GreeceAegina
12%
Small islet in the western MediterraneanAlborán Island
10%
Most populous island of CaliforniaAlameda Island
7%
Copenhagen AirportAmager
7%
Westernmost point of land of the AmericasAttu
7%
South of SyltAmrum
5%

Score Distribution

Percentile by Number Answered

Percent of People with Each Score

Your Score History

You have not taken this quiz